Verbreitung der arabischen Sprache - Statistiken

Allgemein
  • Dieses Quiz wurde 140 mal gespielt
  • Das Durchschnittsergebnis liegt bei 17 aus 20
Antwortstatistiken
Platz Land Anteil Anzahl % Korrekt
1. Ägypten 98,8% 101,11 Mio.
98%
3. Saudi-Arabien 95% 33,07 Mio.
98%
8. Syrien 90% 15,75 Mio.
96%
6. Marokko 65% 23,99 Mio.
95%
2. Algerien 86% 37,71 Mio.
94%
4. Irak 77,2% 31,05 Mio.
93%
14. Oman 76,7% 3,92 Mio.
93%
10. Tunesien 69,9% 8,26 Mio.
93%
13. Vereinigte Arabische Emirate 42% 4,15 Mio.
93%
5. Jemen 99,6% 29,71 Mio.
91%
9. Jordanien 97,9% 9,99 Mio.
88%
12. Libanon 93% 6,35 Mio.
88%
11. Libyen 96% 6,6 Mio.
87%
18. Iran 2% 1,68 Mio.
86%
7. Sudan 49,4% 21,66 Mio.
86%
20. Türkei 1,4% 1,18 Mio.
83%
15. Kuwait 78,1% 3,34 Mio.
81%
19. Israel 18% 1,66 Mio.
78%
16. Tschad 12,3% 2,02 Mio.
67%
17. Frankreich 2,5% 1,69 Mio.
31%
Keine übereinstimmenden Quizze gefunden
Verteilung der Resultate
Anzahl Personen mit jedem Resultat
Perzentil nach korrekt beantworteten Fragen
Ihre Resultats-Entwicklung
Sie haben dieses Quiz noch nicht gespielt